|
|
|
|
| LEADER |
00000nam a22000007a 4500 |
| 005 |
2016121502032.0 |
| 007 |
cr|||| |||| |
| 008 |
161215s2016 br |||||s|||| 00||0 por d |
| 020 |
|
|
|a 978-85-63265-67-8
|
| 035 |
|
|
|a 14712
|
| 040 |
|
|
|a vLex
|
| 090 |
|
|
|c 6504
|d 6504
|
| 100 |
1 |
|
|a Falcô, Joaquim
|
| 245 |
1 |
1 |
|a O Supremo em 2015
|h [Recurso electrn̤ico] /
|c Joaquim Falcô, Diego Werneck Arguelhes, Felipe Recondo
|
| 256 |
|
|
|a Servicio en ln̕ea
|
| 260 |
|
|
|a Rio de Janeiro:
|b FGV - Direito Rio,
|c 2016
|
| 300 |
|
|
|a 1 recurso electrn̤ico
|
| 506 |
1 |
|
|a Disponible solo en los productos indicados
|d vLex Global
|d vLex Global (Academic Edition, excluding Law Schools)
|d vLex Global (U.S. Academic Edition, Law Schools)
|d vLex Global (U.S. Academic Edition, excluding Law Schools)
|d vLex Global (Academic Edition, Law Schools)
|
| 650 |
0 |
4 |
|a Derecho Constitucional
|z Brasil
|
| 700 |
1 |
|
|a Werneck Arguelhes, Diego
|
| 700 |
1 |
|
|a Recondo, Felipe
|
| 740 |
0 |
|
|a vLex Libros (Servicio en ln̕ea)
|
| 856 |
4 |
0 |
|u http://vlex.com/source/supremo-2015-14712
|z Acceso restringido
|
| 942 |
|
|
|c BOOK
|
| 999 |
0 |
|
|a Constitutional Law
|